Animaux 1 - Statistiques

Statistiques générales
  • Ce quiz a été pris 236 fois
    212 depuis la dernière actualisation
  • Le résultat moyen est 8 sur 16
Statistiques - réponses
Par images Réponse % Correct
Lion
95%
Loup
91%
Éléphant
90%
Lynx
79%
Poisson clown
64%
Castor
62%
Fourmis
59%
Perruche
58%
Iguane
52%
Ara
47%
Goéland
45%
Porc-épic
36%
Tortue marin
19%
Zebu
14%
Nandou
7%
Kangarou
2%
Aucun quiz correspondant
Distribution des résultats
% des personnes avec chaque résultat
Percentile par nombre de réponses
Votre historique - résultats
Vous n’avez pas pris ce quiz depuis la dernière actualisation